[Event "Hampshire Open"]
[Site "Eastleigh"]
[Date "2016.11.04"]
[Round "1"]
[White "Stimpson, Philip M"]
[Black "Corkett, Anthony R"]
[Result "1/2-1/2"]
[WhiteElo "1968"]
[BlackElo "2304"]
[PlyCount "97"]
[EventDate "2016.11.04"]
[EventType "swiss"]
[EventRounds "6"]
[EventCountry "ENG"]
[SourceTitle "BritBase"]
[Source "John Saunders"]
[SourceDate "2016.11.11"]
[SourceVersion "1"]
[SourceVersionDate "2016.11.11"]
[SourceQuality "1"]

1. e4 c5 2. Nc3 a6 3. f4 e6 4. g3 d5 5. d3 Nf6 6. Qe2 Nc6 7. Nf3 Nd4 8. Nxd4 cxd4 9. Nd1 dxe4 10. dxe4 Bd7 11. Nf2 Bb5 12. Nd3 Rc8 13. Bg2 Qc7 14. Bd2 Qb6 15. Rc1 Be7 16. O-O O-O 17. f5 exf5 18. Rxf5 Bxd3 19. Qxd3 Qxb2 20. e5 Nd7 21. Bd5 g6 22. Rxf7 Rxf7 23. e6 Nf6 24. exf7+ Kg7 25. Bb3 Qa3 26. Re1 Qc5 27. Bf4 Bd6 28. Bxd6 Qxd6 29. Re6 Qc5 30. Kg2 Rf8 31. Re2 b5 32. Rd2 Rd8 33. c3 Qh5 34. cxd4 Ng4 35. h3 Ne5 36. Qe2 Qxe2+ 37. Rxe2 Nxf7 38. Re7 Rf8 39. d5 Kf6 40. Re6+ Kg7 41. Rxa6 Ng5 42. Rb6 Ne4 43. Rxb5 Rf2+ 44. Kg1 Rd2 45. a4 Nxg3 46. a5 Nf5 47. a6 Nd4 48. Rb7+ Kf6 49. a7 1/2-1/2

[Event "Hampshire Open"]
[Site "Eastleigh"]
[Date "2016.11.04"]
[Round "1"]
[White "Gregory, Keith DF"]
[Black "Potter, Mark"]
[Result "1-0"]
[WhiteElo "2064"]
[BlackElo "1880"]
[PlyCount "55"]
[EventDate "2016.11.04"]
[EventType "swiss"]
[EventRounds "6"]
[EventCountry "ENG"]
[SourceTitle "BritBase"]
[Source "John Saunders"]
[SourceDate "2016.11.11"]
[SourceVersion "1"]
[SourceVersionDate "2016.11.11"]
[SourceQuality "1"]

1. Nf3 g6 2. g3 Bg7 3. Bg2 d6 4. O-O Nf6 5. c4 O-O 6. Nc3 Nbd7 7. d3 e5 8. Rb1 Re8 9. Ne1 Nf8 10. b4 Ne6 11. a4 Nh5 12. b5 Rb8 13. Nc2 f5 14. Bd2 Bd7 15. Nb4 Nf6 16. a5 Nc5 17. Qc1 a6 18. Bh6 Bxh6 19. Qxh6 e4 20. Rfd1 axb5 21. Nxb5 Ng4 22. Qc1 e3 23. f4 Nf6 24. Qb2 Be6 25. Nxc7 Qxc7 26. Qxf6 Qg7 27. Nd5 Bxd5 28. Bxd5+ 1-0

[Event "Hampshire Open"]
[Site "Eastleigh"]
[Date "2016.11.04"]
[Round "1"]
[White "Wiltshir, Richard"]
[Black "Waddington, Michael P"]
[Result "0-1"]
[WhiteElo "1800"]
[BlackElo "2056"]
[PlyCount "142"]
[EventDate "2016.11.04"]
[EventType "swiss"]
[EventRounds "6"]
[EventCountry "ENG"]
[SourceTitle "BritBase"]
[Source "John Saunders"]
[SourceDate "2016.11.11"]
[SourceVersion "1"]
[SourceVersionDate "2016.11.11"]
[SourceQuality "1"]

1. Nc3 c5 2. Nf3 a6 3. e3 d5 4. b3 Nf6 5. Ne2 Nc6 6. Bb2 h5 7. h3 h4 8. d4 Bf5 9. Ne5 Nxe5 10. dxe5 Ne4 11. f3 Qa5+ 12. c3 Ng5 13. Qxd5 Rd8 14. Qxb7 Rh6 15. b4 Qa4 16. bxc5 Ne6 17. Nd4 Nxc5 18. Qb4 Qxb4 19. cxb4 Nd3+ 20. Bxd3 Bxd3 21. Kd2 Bf5 22. e4 Bd7 23. Ke3 Rg6 24. Kf2 e6 25. Bc3 Ba4 26. Ne2 Be7 27. Rhc1 Bg5 28. f4 Be7 29. Be1 Bb5 30. Rc2 Bd3 31. Rb2 Bxe4 32. g4 hxg3+ 33. Nxg3 Bd5 34. a4 Rc8 35. b5 Bc5+ 36. Ke2 Bd4 37. Rab1 Bxb2 38. Rxb2 axb5 39. axb5 Rc1 40. Bf2 Rc3 41. Nf1 Rb3 42. Rc2 Rxb5 43. Rc8+ Kd7 44. Rc3 Rb3 45. Rc1 Rb2+ 46. Ke3 Rg2 47. Be1 Rgc2 48. Rxc2 Rxc2 49. Bd2 Bg2 50. Ng3 Bxh3 51. Nh5 g6 52. Nf6+ Kc6 53. Ne4 Bf5 54. Ng5 Ra2 55. Nxf7 Ra3+ 56. Kf2 Kd5 57. Nd6 Rh3 58. Be3 Bg4 59. Bc1 Kd4 60. Nf7 Rf3+ 61. Kg2 Rb3 62. Ng5 Rb1 63. Ba3 Bf5 64. Nf3+ Kd3 65. Bc5 Be4 66. Kg3 Bxf3 67. Kxf3 Rf1+ 68. Kg4 Ke4 69. Kg5 Rxf4 70. Kxg6 Kxe5 71. Bb6 Rf1 0-1

[Event "Hampshire Open"]
[Site "Eastleigh"]
[Date "2016.11.04"]
[Round "1"]
[White "Fowler, David"]
[Black "Williams, Robin"]
[Result "1/2-1/2"]
[WhiteElo "2024"]
[BlackElo "1776"]
[PlyCount "102"]
[EventDate "2016.11.04"]
[EventType "swiss"]
[EventRounds "6"]
[EventCountry "ENG"]
[SourceTitle "BritBase"]
[Source "John Saunders"]
[SourceDate "2016.11.11"]
[SourceVersion "1"]
[SourceVersionDate "2016.11.11"]
[SourceQuality "1"]

1. e4 e5 2. Nf3 Nf6 3. Nc3 Bb4 4. Bc4 d6 5. d3 O-O 6. O-O Bg4 7. Bg5 c6 8. Qe2 Nbd7 9. Nd1 a5 10. a4 Qc7 11. Ne3 Be6 12. c3 Bc5 13. Nd2 d5 14. exd5 cxd5 15. Bb5 h6 16. Bh4 Nh7 17. Qf3 Bxe3 18. fxe3 f5 19. d4 e4 20. Qe2 Nhf6 21. Bg3 Qd8 22. c4 b6 23. Rac1 Qe7 24. cxd5 Nxd5 25. Nc4 Rfc8 26. Ne5 Nxe5 27. Bxe5 Kh8 28. Bc6 Ra7 29. Bxd5 Rxc1 30. Rxc1 Bxd5 31. Qb5 Qd8 32. Rf1 Rf7 33. b4 axb4 34. Qxb4 Qa8 35. Qd6 Bc4 36. Rc1 Qxa4 37. Qxh6+ Kg8 38. Qxb6 Qa3 39. Re1 Qc3 40. Bg3 Qd3 41. Bd6 Kh7 42. Qb1 Ra7 43. Qxd3 exd3 44. Rd1 Ra2 45. Bb4 Bd5 46. g3 Rg2+ 47. Kf1 Rxh2 48. Rd2 Rh1+ 49. Kf2 Be4 50. Bd6 Rh2+ 51. Ke1 Rh1+ 1/2-1/2

[Event "Hampshire Open"]
[Site "Eastleigh"]
[Date "2016.11.04"]
[Round "1"]
[White "Chilton, James"]
[Black "Butcher, Doug"]
[Result "1-0"]
[WhiteElo "1760"]
[BlackElo "1984"]
[PlyCount "95"]
[EventDate "2016.11.04"]
[EventType "swiss"]
[EventRounds "6"]
[EventCountry "ENG"]
[SourceTitle "BritBase"]
[Source "John Saunders"]
[SourceDate "2016.11.11"]
[SourceVersion "1"]
[SourceVersionDate "2016.11.11"]
[SourceQuality "1"]

1. e4 d5 2. exd5 Nf6 3. c4 e6 4. dxe6 Bxe6 5. d4 Bb4+ 6. Bd2 Qe7 7. Bxb4 Qxb4+ 8. Qd2 Nc6 9. Qxb4 Nxb4 10. Na3 O-O-O 11. d5 Bf5 12. f3 Rhe8+ 13. Kf2 c6 14. g4 Bg6 15. Nh3 h6 16. Nf4 Bh7 17. h4 Re5 18. Bh3 g5 19. hxg5 hxg5 20. Nh5 Nd7 21. Bf1 Nc5 22. Nf6 Bg6 23. Kg3 Kc7 24. Rh2 Rd6 25. Nh5 a6 26. Re2 Rxe2 27. Bxe2 cxd5 28. cxd5 b5 29. Bxb5 Rxd5 30. Nf6 Rd2 31. Rc1 axb5 32. Rxc5+ Kd8 33. Nxb5 Rxb2 34. a3 Ke7 35. Ng8+ Kf8 36. Rc8+ Kg7 37. axb4 Rxb4 38. Nd6 Rb3 39. Ne7 Bh7 40. Ndf5+ Kf6 41. Rh8 Bg6 42. Rh6 Rb7 43. Nxg6 fxg6 44. Nd6 Ra7 45. Ne4+ Kg7 46. Rh2 Ra5 47. Rc2 Rb5 48. Rc5 1-0

[Event "Hampshire Open"]
[Site "Eastleigh"]
[Date "2016.11.05"]
[Round "2"]
[White "Chapman, Matt"]
[Black "Gregory, Keith DF"]
[Result "0-1"]
[WhiteElo "1960"]
[BlackElo "2064"]
[PlyCount "56"]
[EventDate "2016.11.04"]
[EventType "swiss"]
[EventRounds "6"]
[EventCountry "ENG"]
[SourceTitle "BritBase"]
[Source "John Saunders"]
[SourceDate "2016.11.11"]
[SourceVersion "1"]
[SourceVersionDate "2016.11.11"]
[SourceQuality "1"]

1. e4 d6 2. d4 Nf6 3. Nc3 Nbd7 4. Be3 e5 5. d5 Be7 6. Bb5 O-O 7. f3 Nh5 8. Nge2 Bg5 9. Qd2 Bxe3 10. Qxe3 h6 11. O-O-O a6 12. Bxd7 Bxd7 13. g4 Nf6 14. Ng3 Nh7 15. h4 f6 16. Nf5 Rf7 17. Rdg1 Qf8 18. Ne2 Bxf5 19. gxf5 Kh8 20. Rg4 Qe8 21. Rhg1 Qa4 22. Kb1 c6 23. dxc6 bxc6 24. Ng3 Qd4 25. Qc1 Rb8 26. Nh5 Rbb7 27. R1g2 Qc3 28. R4g3 Rxb2+ 0-1

[Event "Hampshire Open"]
[Site "Eastleigh"]
[Date "2016.11.05"]
[Round "2"]
[White "Waddington, Michael P"]
[Black "Chilton, James"]
[Result "1-0"]
[WhiteElo "2056"]
[BlackElo "1760"]
[PlyCount "89"]
[EventDate "2016.11.04"]
[EventType "swiss"]
[EventRounds "6"]
[EventCountry "ENG"]
[SourceTitle "BritBase"]
[Source "John Saunders"]
[SourceDate "2016.11.11"]
[SourceVersion "1"]
[SourceVersionDate "2016.11.11"]
[SourceQuality "1"]

1. c4 e5 2. Nc3 Nf6 3. g3 Nc6 4. Bg2 Bc5 5. a3 a5 6. e3 O-O 7. Nge2 Re8 8. O-O d6 9. d4 exd4 10. exd4 Ba7 11. Bg5 h6 12. Bf4 Bg4 13. Qd2 Qc8 14. Rfe1 Ne7 15. Nb5 Bb8 16. Rac1 Ng6 17. Be3 Ne4 18. Qc2 Qf5 19. Nf4 c6 20. Nxg6 fxg6 21. Bf4 d5 22. Bxb8 Raxb8 23. Nc3 Nxc3 24. Qxc3 Rf8 25. f3 Bh3 26. g4 Bxg4 27. fxg4 Qxg4 28. Rcd1 Rf5 29. Qg3 Rf4 30. cxd5 Rbf8 31. Qxg4 Rxg4 32. dxc6 bxc6 33. Re6 Rff4 34. Rxc6 Rxd4 35. Rxd4 Rxd4 36. Rxg6 Kf7 37. Rb6 Rd2 38. b3 Ra2 39. Bd5+ Ke7 40. a4 Rd2 41. Bc4 h5 42. Rb5 h4 43. Rxa5 h3 44. Rh5 Rd1+ 45. Bf1 1-0

[Event "Hampshire Open"]
[Site "Eastleigh"]
[Date "2016.11.05"]
[Round "2"]
[White "Corkett, Anthony R"]
[Black "Fowler, David"]
[Result "1-0"]
[WhiteElo "2304"]
[BlackElo "2024"]
[PlyCount "77"]
[EventDate "2016.11.04"]
[EventType "swiss"]
[EventRounds "6"]
[EventCountry "ENG"]
[SourceTitle "BritBase"]
[Source "John Saunders"]
[SourceDate "2016.11.11"]
[SourceVersion "1"]
[SourceVersionDate "2016.11.11"]
[SourceQuality "1"]

1. d4 Nf6 2. Nf3 b5 3. c3 Bb7 4. e3 a6 5. a4 c6 6. Nbd2 d5 7. Bd3 Nbd7 8. O-O e6 9. Ng5 h6 10. Nh3 Bd6 11. f4 b4 12. Nf2 c5 13. Ng4 c4 14. Bb1 Nxg4 15. Qxg4 O-O 16. Qf3 Qc7 17. e4 f5 18. exf5 exf5 19. Qh3 Bxf4 20. Bxf5 Nf6 21. Nf3 Bc8 22. Bxc8 Raxc8 23. Bxf4 Qxf4 24. Ne5 Qg5 25. Rf5 Qd2 26. Rf2 Qg5 27. Raf1 Rce8 28. cxb4 Kh7 29. Rf5 Qd2 30. Qc3 Qxc3 31. bxc3 Rd8 32. Ng4 Rd6 33. Nxf6+ gxf6 34. Re1 Kg6 35. g4 Rb8 36. Kf2 Rb7 37. h4 Rg7 38. Kf3 Kf7 39. Ree5 1-0

[Event "Hampshire Open"]
[Site "Eastleigh"]
[Date "2016.11.05"]
[Round "2"]
[White "Williams, Robin"]
[Black "Stimpson, Philip M"]
[Result "0-1"]
[WhiteElo "1776"]
[BlackElo "1968"]
[PlyCount "77"]
[EventDate "2016.11.04"]
[EventType "swiss"]
[EventRounds "6"]
[EventCountry "ENG"]
[SourceTitle "BritBase"]
[Source "John Saunders"]
[SourceDate "2016.11.11"]
[SourceVersion "1"]
[SourceVersionDate "2016.11.11"]
[SourceQuality "1"]

1. e4 d5 2. exd5 Nf6 3. Bb5+ Nbd7 4. Nc3 a6 5. Ba4 b5 6. Bb3 Nc5 7. d4 Nxb3 8. axb3 Bb7 9. Nf3 Nxd5 10. O-O e6 11. Bg5 Be7 12. Bxe7 Qxe7 13. Qe2 O-O 14. Ne4 Nf4 15. Qe3 f5 16. Nc5 Nxg2 17. Kxg2 Bd5 18. Rg1 f4 19. Qc3 Qh4 20. Kf1 Qh3+ 21. Ke2 b4 22. Qd3 Bc6 23. Rxa6 Rxa6 24. Nxa6 Rd8 25. Nxb4 Bb7 26. Rg5 Ra8 27. Qc3 Ra1 28. Ne1 Bf3+ 29. Qxf3 Rxe1+ 30. Kxe1 Qxf3 31. Re5 Kf7 32. Nd3 Qh1+ 33. Ke2 Qxh2 34. Nc5 h5 35. Nxe6 h4 36. Ng5+ Kf6 37. Nf3 Qh1 38. Rc5 h3 39. Rh5 0-1

[Event "Hampshire Open"]
[Site "Eastleigh"]
[Date "2016.11.05"]
[Round "2"]
[White "Butcher, Doug"]
[Black "Clancy, Martin J"]
[Result "1/2-1/2"]
[WhiteElo "1984"]
[BlackElo "1960"]
[PlyCount "84"]
[EventDate "2016.11.04"]
[EventType "swiss"]
[EventRounds "6"]
[EventCountry "ENG"]
[SourceTitle "BritBase"]
[Source "John Saunders"]
[SourceDate "2016.11.11"]
[SourceVersion "1"]
[SourceVersionDate "2016.11.11"]
[SourceQuality "1"]

1. b3 c5 2. Bb2 Nf6 3. e3 Nc6 4. Nf3 d6 5. Be2 e5 6. O-O Be7 7. d3 O-O 8. c4 h6 9. Nc3 Be6 10. d4 e4 11. d5 exf3 12. Bxf3 Qd7 13. dxc6 bxc6 14. Re1 d5 15. cxd5 cxd5 16. Ne2 Rad8 17. Rc1 Ne4 18. Bxe4 dxe4 19. Qc2 Qd2 20. Ba3 Qa5 21. Bxc5 Bxc5 22. Qxc5 Qxa2 23. Nd4 Rc8 24. Qb4 Rb8 25. Qa4 Bxb3 26. Qxa2 Bxa2 27. Nc6 Rb7 28. Ra1 Rc8 29. Rxa2 Rxc6 30. Rea1 Rcb6 31. g3 Rb1+ 32. Rxb1 Rxb1+ 33. Kg2 Rb7 34. g4 Kf8 35. Kg3 Re7 36. h4 f6 37. Kf4 g6 38. Ra4 Ke8 39. Ra6 Kf7 40. Ra4 h5 41. gxh5 gxh5 42. Kg3 Ke8 1/2-1/2

[Event "Hampshire Open"]
[Site "Eastleigh"]
[Date "2016.11.05"]
[Round "2"]
[White "Potter, Mark"]
[Black "Wiltshir, Richard"]
[Result "1-0"]
[WhiteElo "1880"]
[BlackElo "1800"]
[PlyCount "45"]
[EventDate "2016.11.04"]
[EventType "swiss"]
[EventRounds "6"]
[EventCountry "ENG"]
[SourceTitle "BritBase"]
[Source "John Saunders"]
[SourceDate "2016.11.11"]
[SourceVersion "1"]
[SourceVersionDate "2016.11.11"]
[SourceQuality "1"]

1. c4 c6 2. Nc3 Nf6 3. g3 g6 4. Bg2 Bg7 5. e4 d6 6. Nge2 O-O 7. O-O Nbd7 8. d3 Rb8 9. a4 a6 10. a5 b5 11. axb6 Qxb6 12. Rb1 Qb3 13. Qxb3 Rxb3 14. h3 h6 15. Be3 g5 16. Nd4 Rb7 17. Nxc6 Re8 18. b4 Ng4 19. Nd5 Nxe3 20. fxe3 Ne5 21. Na5 Rb8 22. d4 Nd7 23. Nc6 1-0

[Event "Hampshire Open"]
[Site "Eastleigh"]
[Date "2016.11.05"]
[Round "3"]
[White "Gregory, Keith DF"]
[Black "Waddington, Michael P"]
[Result "1/2-1/2"]
[WhiteElo "2064"]
[BlackElo "2056"]
[PlyCount "63"]
[EventDate "2016.11.04"]
[EventType "swiss"]
[EventRounds "6"]
[EventCountry "ENG"]
[SourceTitle "BritBase"]
[Source "John Saunders"]
[SourceDate "2016.11.11"]
[SourceVersion "1"]
[SourceVersionDate "2016.11.11"]
[SourceQuality "1"]

1. Nf3 c5 2. c4 Nf6 3. g3 d5 4. Bg2 Nc6 5. O-O d4 6. d3 e5 7. e4 Be7 8. Na3 Bd7 9. Nc2 Qb6 10. Rb1 a5 11. Nfe1 O-O-O 12. b3 Ne8 13. Bd2 h5 14. a3 Nc7 15. Rb2 Na6 16. Qb1 Qc7 17. f4 h4 18. Nf3 hxg3 19. hxg3 Bh3 20. f5 Bxg2 21. Kxg2 Qd7 22. Qe1 Qc7 23. Qe2 Rh7 24. Rbb1 Rdh8 25. Rg1 Qd8 26. Rbf1 g6 27. Nce1 g5 28. g4 f6 29. Rh1 Qb6 30. Qd1 Qd8 31. Rxh7 Rxh7 32. Rh1 1/2-1/2

[Event "Hampshire Open"]
[Site "Eastleigh"]
[Date "2016.11.05"]
[Round "3"]
[White "Clancy, Martin J"]
[Black "Corkett, Anthony R"]
[Result "0-1"]
[WhiteElo "1960"]
[BlackElo "2304"]
[PlyCount "54"]
[EventDate "2016.11.04"]
[EventType "swiss"]
[EventRounds "6"]
[EventCountry "ENG"]
[SourceTitle "BritBase"]
[Source "John Saunders"]
[SourceDate "2016.11.11"]
[SourceVersion "1"]
[SourceVersionDate "2016.11.11"]
[SourceQuality "1"]

1. e4 c5 2. d4 cxd4 3. c3 d3 4. c4 g6 5. Bxd3 Bg7 6. Nc3 d6 7. Nf3 Nc6 8. h3 Nf6 9. O-O O-O 10. Be3 Nd7 11. Rc1 Nc5 12. Bb1 a6 13. Qd2 b6 14. Nd5 Rb8 15. b4 Nd7 16. Rfd1 Bb7 17. b5 Nce5 18. Nxe5 Bxe5 19. f4 Bg7 20. Nxe7+ Qxe7 21. Qxd6 Qxd6 22. Rxd6 Nc5 23. bxa6 Nxe4 24. Rxb6 Ba8 25. c5 Rbc8 26. c6 Nc3 27. Kf2 Bxc6 0-1

[Event "Hampshire Open"]
[Site "Eastleigh"]
[Date "2016.11.05"]
[Round "3"]
[White "Stimpson, Philip M"]
[Black "Chapman, Matt"]
[Result "0-1"]
[WhiteElo "1968"]
[BlackElo "1960"]
[PlyCount "102"]
[EventDate "2016.11.04"]
[EventType "swiss"]
[EventRounds "6"]
[EventCountry "ENG"]
[SourceTitle "BritBase"]
[Source "John Saunders"]
[SourceDate "2016.11.11"]
[SourceVersion "1"]
[SourceVersionDate "2016.11.11"]
[SourceQuality "1"]

1. e4 c6 2. d4 d5 3. exd5 cxd5 4. c4 Nf6 5. Nc3 Nc6 6. Nf3 Bg4 7. cxd5 Nxd5 8. Qb3 Bxf3 9. gxf3 e6 10. Qxb7 Nxd4 11. Bb5+ Nxb5 12. Qc6+ Ke7 13. Qxb5 Qd7 14. Bg5+ f6 15. Nxd5+ Qxd5 16. Qxd5 exd5 17. Be3 Ke6 18. O-O-O Bb4 19. Kb1 Rhc8 20. Rd3 Rd8 21. Rc1 Ba5 22. Bc5 Rd7 23. a3 Rc8 24. b4 Bb6 25. Rdc3 Bxc5 26. Rxc5 Rxc5 27. Rxc5 Ke5 28. Kc2 Kf4 29. Kd3 Kxf3 30. Rc2 d4 31. b5 f5 32. a4 f4 33. a5 Kg2 34. b6 axb6 35. axb6 Rb7 36. Rb2 g5 37. Kxd4 g4 38. Ke4 f3 39. Kf4 h5 40. Kg5 Kxh2 41. Kxh5 g3 42. fxg3+ Kxg3 43. Rb5 f2 44. Rg5+ Kf4 45. Rg8 Rxb6 46. Rf8+ Kg3 47. Rg8+ Kf3 48. Rf8+ Kg2 49. Rg8+ Kf1 50. Re8 Rb4 51. Ra8 Kg2 0-1

[Event "Hampshire Open"]
[Site "Eastleigh"]
[Date "2016.11.05"]
[Round "3"]
[White "Chilton, James"]
[Black "Potter, Mark"]
[Result "0-1"]
[WhiteElo "1760"]
[BlackElo "1880"]
[PlyCount "98"]
[EventDate "2016.11.04"]
[EventType "swiss"]
[EventRounds "6"]
[EventCountry "ENG"]
[SourceTitle "BritBase"]
[Source "John Saunders"]
[SourceDate "2016.11.11"]
[SourceVersion "1"]
[SourceVersionDate "2016.11.11"]
[SourceQuality "1"]

1. e4 d6 2. d4 g6 3. Nf3 Bg7 4. Bc4 Nf6 5. Nc3 O-O 6. O-O Nxe4 7. Bxf7+ Rxf7 8. Nxe4 Bg4 9. Neg5 Bxf3 10. Nxf7 Bxd1 11. Nxd8 Bxc2 12. Ne6 Nc6 13. Nxg7 Kxg7 14. Be3 Rc8 15. Rac1 Bf5 16. a3 Kf7 17. b4 Bd3 18. Rfd1 Bb5 19. f4 d5 20. Bf2 e6 21. Ra1 Ba4 22. Rdb1 a6 23. Rb2 Ne7 24. g4 Ng8 25. Bh4 Nf6 26. Bxf6 Kxf6 27. Re1 Bb5 28. Rb3 Re8 29. Rh3 Kg7 30. Re5 Bd7 31. f5 exf5 32. gxf5 Rxe5 33. dxe5 Bxf5 34. Rc3 c6 35. a4 Kf7 36. b5 axb5 37. axb5 cxb5 38. Rc7+ Ke6 39. Rxb7 Bd3 40. Rxh7 Kxe5 41. Kf2 Kd4 42. Ke1 Kc3 43. Kd1 b4 44. Kc1 b3 45. Rc7+ Bc4 46. Rb7 d4 47. h4 d3 48. Kd1 b2 49. Rb6 Bb3+ 0-1

[Event "Hampshire Open"]
[Site "Eastleigh"]
[Date "2016.11.05"]
[Round "3"]
[White "Fowler, David"]
[Black "Butcher, Doug"]
[Result "1-0"]
[WhiteElo "2024"]
[BlackElo "1984"]
[PlyCount "97"]
[EventDate "2016.11.04"]
[EventType "swiss"]
[EventRounds "6"]
[EventCountry "ENG"]
[SourceTitle "BritBase"]
[Source "John Saunders"]
[SourceDate "2016.11.11"]
[SourceVersion "1"]
[SourceVersionDate "2016.11.11"]
[SourceQuality "1"]

1. d4 e6 2. e4 b6 3. Bd3 Bb7 4. Qe2 Nf6 5. Nf3 Be7 6. O-O c5 7. e5 Nd5 8. c4 Nc7 9. Be4 Bxe4 10. Qxe4 cxd4 11. Nxd4 Nba6 12. Rd1 Qc8 13. Qg4 g6 14. Nc3 O-O 15. Bg5 Bxg5 16. Qxg5 Ne8 17. Ne4 Qd8 18. Qh6 f6 19. Nxe6 dxe6 20. Rxd8 Rxd8 21. h4 Nc5 22. Nxf6+ Nxf6 23. exf6 Rxf6 24. Re1 Rdf8 25. Re2 Nd3 26. Qe3 Nxf2 27. Rxf2 Rxf2 28. Qxf2 Rxf2 29. Kxf2 Kg7 30. Ke3 Kf6 31. Ke4 a5 32. g4 h6 33. b3 g5 34. h5 Ke7 35. Ke5 Kd7 36. a3 Ke7 37. b4 a4 38. c5 bxc5 39. bxc5 Kd7 40. c6+ Kxc6 41. Kxe6 Kc5 42. Kf6 Kc4 43. Kg6 Kb3 44. Kxh6 Kxa3 45. Kxg5 Kb2 46. h6 a3 47. h7 a2 48. h8=Q+ Kb1 49. Kh6 1-0

[Event "Hampshire Open"]
[Site "Eastleigh"]
[Date "2016.11.05"]
[Round "3"]
[White "Wiltshir, Richard"]
[Black "Williams, Robin"]
[Result "1-0"]
[WhiteElo "1800"]
[BlackElo "1776"]
[PlyCount "69"]
[EventDate "2016.11.04"]
[EventType "swiss"]
[EventRounds "6"]
[EventCountry "ENG"]
[SourceTitle "BritBase"]
[Source "John Saunders"]
[SourceDate "2016.11.11"]
[SourceVersion "1"]
[SourceVersionDate "2016.11.11"]
[SourceQuality "1"]

1. Nc3 e5 2. Nf3 Nc6 3. e3 d5 4. Bb5 Qd6 5. d4 e4 6. Ne5 Nf6 7. Bd2 Bd7 8. Bxc6 Bxc6 9. f4 g6 10. Qe2 Nd7 11. Nb5 Bxb5 12. Qxb5 b6 13. a3 a6 14. Qb3 f6 15. Nxd7 Qxd7 16. O-O Rb8 17. c4 c6 18. Rac1 Kf7 19. Rfd1 Bh6 20. Qa4 Qb7 21. Rf1 f5 22. cxd5 cxd5 23. Rc6 Rbc8 24. Rfc1 Rhd8 25. Kf2 Rxc6 26. Qxc6 Rd7 27. Bb4 a5 28. Bd6 b5 29. Be5 Bf8 30. Qf6+ Ke8 31. Qe6+ Be7 32. Rc6 b4 33. Rb6 Qa7 34. Qg8+ Bf8 35. Rb8+ 1-0

[Event "Hampshire Open"]
[Site "Eastleigh"]
[Date "2016.11.05"]
[Round "4"]
[White "Corkett, Anthony R"]
[Black "Waddington, Michael P"]
[Result "1/2-1/2"]
[WhiteElo "2304"]
[BlackElo "2056"]
[PlyCount "167"]
[EventDate "2016.11.04"]
[EventType "swiss"]
[EventRounds "6"]
[EventCountry "ENG"]
[SourceTitle "BritBase"]
[Source "John Saunders"]
[SourceDate "2016.11.11"]
[SourceVersion "1"]
[SourceVersionDate "2016.11.11"]
[SourceQuality "1"]

1. d4 Nf6 2. Nf3 e6 3. g3 b6 4. Bg2 Bb7 5. O-O d6 6. c4 Nbd7 7. Nc3 Be7 8. b3 O-O 9. Bb2 Ne4 10. Nxe4 Bxe4 11. e3 Bf6 12. Qe2 Qc8 13. Bh3 Bf5 14. Bg2 Be4 15. Rfd1 Qb7 16. Ne1 Bxg2 17. Nxg2 e5 18. f3 a5 19. a3 Rad8 20. Rab1 Rfe8 21. Qf2 Re6 22. d5 Re7 23. e4 Rde8 24. Bc1 Qa6 25. Ne3 g6 26. a4 Bg7 27. g4 f6 28. Kh1 Nc5 29. Qc2 Qc8 30. Rg1 Rf7 31. Bd2 Kh8 32. Rg2 Ref8 33. Rbg1 Qd7 34. Bc1 Qe8 35. Nf1 Qd7 36. Ng3 Kg8 37. h4 Qe8 38. Be3 Qa8 39. Rh2 Qb8 40. h5 g5 41. h6 Bh8 42. Nf5 Rd7 43. Rb1 Kf7 44. Rd2 Na6 45. Rdd1 Rg8 46. Qh2 Rg6 47. Kg1 Rd8 48. Ra1 Qc8 49. Rdb1 Nb4 50. Qe2 Qd7 51. Bf2 Ra8 52. Be1 Na6 53. Rb2 Rgg8 54. Bc3 Nc5 55. Qc2 Ra7 56. Rba2 Rga8 57. Be1 Kf8 58. Qb1 Qe8 59. Rh2 Qd7 60. Raa2 Kf7 61. Bd2 Rg8 62. Be3 Qe8 63. Kf2 Qa8 64. Kg3 Qe8 65. Bf2 Qa8 66. Ra1 Qe8 67. Qc2 Qa8 68. Rb1 Qe8 69. Bxc5 bxc5 70. Ne3 Rb7 71. Nd1 Rb4 72. Nc3 Ke7 73. Nb5 Qb8 74. Qc3 Qb6 75. Rhb2 Rg6 76. Rh1 Kd7 77. Na3 Qa6 78. Nc2 Rb8 79. Rbb1 Ra8 80. Rb2 Qc8 81. Ne3 Qf8 82. Nf5 Qf7 83. Kf2 Qe8 84. Ke2 {remaining moves unreadable - draw, c.90 moves} 1/2-1/2

[Event "Hampshire Open"]
[Site "Eastleigh"]
[Date "2016.11.05"]
[Round "4"]
[White "Potter, Mark"]
[Black "Chapman, Matt"]
[Result "0-1"]
[WhiteElo "1880"]
[BlackElo "1960"]
[PlyCount "124"]
[EventDate "2016.11.04"]
[EventType "swiss"]
[EventRounds "6"]
[EventCountry "ENG"]
[SourceTitle "BritBase"]
[Source "John Saunders"]
[SourceDate "2016.11.11"]
[SourceVersion "1"]
[SourceVersionDate "2016.11.11"]
[SourceQuality "1"]

1. c4 c6 2. Nc3 d5 3. cxd5 cxd5 4. d4 Nf6 5. g3 Nc6 6. Bg2 e6 7. Nf3 Be7 8. O-O O-O 9. a3 Bd7 10. Ne5 Qb6 11. Nxd7 Nxd7 12. e3 Na5 13. b4 Nc4 14. Qb3 Rfc8 15. Rd1 Nf6 16. Na4 Qd8 17. Nb2 Nd6 18. Bd2 Nfe4 19. Be1 Rc7 20. Rac1 Rac8 21. Nd3 Rxc1 22. Rxc1 Rxc1 23. Nxc1 Qc7 24. Nd3 b6 25. f3 Nf6 26. Qc3 Qxc3 27. Bxc3 Nc4 28. Ne5 Nxa3 29. Nc6 Bf8 30. Nxa7 Nc2 31. Nc8 Nd7 32. Bf1 Nxe3 33. Bb5 Nf6 34. Bd3 Nd7 35. Bb5 Nf6 36. Bd3 Nc4 37. Bxc4 dxc4 38. Nxb6 Nd5 39. Nxd5 exd5 40. Kf2 Bd6 41. Ke3 Kf8 42. Kd2 Ke7 43. Kc2 Kd7 44. Kb2 Kc6 45. Ka3 Kb5 46. f4 f5 47. h4 g6 48. Be1 c3 49. Bxc3 Kc4 50. Be1 Kxd4 51. Kb3 Kd3 52. Bf2 d4 53. b5 Bc5 54. Be1 Ke2 55. Ba5 d3 56. Kc4 Ba7 57. Kd5 d2 58. Bxd2 Kxd2 59. Ke6 Ke3 60. Kf6 Kf3 61. Kg7 Kxg3 62. Kxh7 Kxh4 0-1

[Event "Hampshire Open"]
[Site "Eastleigh"]
[Date "2016.11.05"]
[Round "4"]
[White "Stimpson, Philip M"]
[Black "Fowler, David"]
[Result "1/2-1/2"]
[WhiteElo "1968"]
[BlackElo "2024"]
[PlyCount "73"]
[EventDate "2016.11.04"]
[EventType "swiss"]
[EventRounds "6"]
[EventCountry "ENG"]
[SourceTitle "BritBase"]
[Source "John Saunders"]
[SourceDate "2016.11.11"]
[SourceVersion "1"]
[SourceVersionDate "2016.11.11"]
[SourceQuality "1"]

1. e4 c6 2. d4 d5 3. exd5 cxd5 4. c4 Nf6 5. Nc3 e6 6. Nf3 Be7 7. cxd5 Nxd5 8. Bd3 O-O 9. O-O b6 10. Re1 Bb7 11. Ne5 Nxc3 12. bxc3 Nd7 13. Qc2 Nf6 14. Bg5 h6 15. Bxf6 Bxf6 16. Be4 Bxe4 17. Qxe4 Bxe5 18. Qxe5 Rc8 19. Re3 Qc7 20. f4 Qxe5 21. fxe5 Rfd8 22. Kf2 Rc4 23. Ke2 Rdc8 24. Kd2 b5 25. a3 Ra4 26. Rd3 Rcc4 27. Rb1 a6 28. Rb3 Kf8 29. Kc2 h5 30. Kb2 Ke8 31. Rb4 Ra5 32. g4 hxg4 33. Rg3 Ra4 34. Rxg4 g6 35. Rh4 Raxb4+ 36. axb4 Rc6 37. Rh8+ 1/2-1/2